Grietas en la pantalla : un descenso a las criptas del cine /

Detalles Bibliográficos
Autor principal: Alvarado Duque, Carlos Fernando (Autor)
Formato: Electrónico eBook
Lenguaje:español
Publicado: Bogotá, Colombia : Editorial Aula de Humanidades, 2024.
Edición:Segunda edición.
Colección:Colección Lenguajes (Editorial Aula de Humanidades). Serie Cine.
Materias:
Acceso en línea:Digitalia Hispánica

MARC

LEADER 00000nam a2200000Ii 4500
001 DIGAUHUM0070
003 NyNyDIG
006 m o d
007 cr |||||||||||
008 260205s2024 ck ob 001 0 spa d
035 |a (OCoLC)1573182555 
040 |a DGITA  |b eng  |e rda  |e pn  |c DGITA 
020 |a 9786287700857  |q (versión digital) 
020 |z 9786287700840  |q (versión impresa) 
050 1 4 |a PN1995 ebook 
100 1 |a Alvarado Duque, Carlos Fernando,  |e author. 
245 1 0 |a Grietas en la pantalla :  |b un descenso a las criptas del cine /  |c Carlos Fernando Alvarado Duque. 
250 |a Segunda edición. 
264 1 |a Bogotá, Colombia :  |b Editorial Aula de Humanidades,  |c 2024. 
300 |a 1 online resource. 
336 |a text  |b txt  |2 rdacontent 
337 |a computer  |b c  |2 rdamedia 
338 |a online resource  |b cr  |2 rdacarrier 
347 |a text file  |2 rdaft 
347 |b PDF 
490 1 |a Colección: Lenguajes. Serie: Cine 
504 |a Includes bibliographical references and indexes. 
588 0 |a Online resource; title from PDF title page (Digitalia, viewed February 5, 2026) 
650 0 |a Motion pictures  |v Reviews. 
650 0 |a Motion pictures  |x Aesthetics. 
650 0 |a Motion picture producers and directors. 
791 2 |a Digitalia (Firm),  |e distributor. 
793 0 |g Digitalia eBook Collection:  |a Editorial Aula de Humanidades 
776 0 8 |i Print version:  |a Alvarado Duque, Carlos Fernando.  |t Grietas en la pantalla.  |b Segunda edición.  |d Bogotá, Colombia : Editorial Aula de Humanidades, 2024  |z 9786287700840 
830 0 |a Colección Lenguajes (Editorial Aula de Humanidades).  |p Serie Cine. 
856 4 0 |3 Digitalia Hispánica  |u https://www.digitaliapublishing.com/a/180154/ 
910 |a Premium collection: 2026